| 000 | 01671nam a2200253Ia 4500 | ||
|---|---|---|---|
| 003 | AR-RoIUNI | ||
| 005 | 20210317085225.0 | ||
| 007 | ta | ||
| 008 | 150616s2012 sp r 000 0 spa d | ||
| 020 | _a9788420608525 | ||
| 040 | _cIUNIR | ||
| 080 | _a32 | ||
| 100 | 1 |
_aFoucault, Michel, _d1926-1984. _921 |
|
| 245 | 1 | 3 |
_aUn diálogo sobre el poder y otras conversaciones / _cMichel Foucault ; selección, introducción y traducción de Miguel Morey. |
| 250 | _a3a. ed. | ||
| 260 |
_aMadrid : _bAlianza, _c2012. |
||
| 300 |
_a211 p. ; _c18 cm |
||
| 505 | 1 |
_tUn diálogo sobre el poder / _rGilles Deleuze, Michel Foucault -- _tSobre la justicia popular. Debate con los Maos -- _tA propósito del encierro penitenciario -- _tPoderes y estratégias -- _tEncierro, psiquiatría y prisión. Diálogo entre David Cooper, Marie- Odile Faye, Jean-Pierre Faye, Michel Foucault y Marine Zecca -- _tVerdad y poder. Diálogo con M. Fontana -- _tNo al sexo rey / _rEntrevista por Bernard Henry-Levy. |
|
| 520 | _aEste volumen recoge siete conversaciones seleccionadas y prologadas por Miguel Morey, en las que Foucault desempeña el papel de protagonista y que permiten una primera aproximación a su pensamiento: "Un diálogo sobre el poder", donde reflexiona, con Gilles Deleuze como interlocutor, sobre las relaciones entre política y teoría, Sobre la justicia popular, A propósito del encierro penitenciario, Poderes y estrategias (en torno a los mecanismos de dominación y a la realidad del Gulag), Encierro, Psiquiatría, Prisión, Verdad y Poder y No al sexo rey. | ||
| 650 | 4 |
_aPSICOLOGÍA _9108 |
|
| 650 | 4 | _aPODER | |
| 650 | 4 |
_aPOLÍTICA _xFILOSOFÍA |
|
| 942 |
_cBK _2cdu |
||
| 999 |
_c1858 _d1858 |
||